[Event "Liechtenstein op 27th"]
[Site "Triesen"]
[Date "2009.05.19"]
[Round "5"]
[White "Farago, Ivan"]
[Black "Brestian, Egon"]
[Result "1-0"]
[WhiteElo "2491"]
[BlackElo "2392"]
[PlyCount "73"]
[EventDate "2009.05.15"]
[EventType "swiss"]
[EventRounds "9"]
[EventCountry "LIE"]
[SourceTitle "CBM 130 Extra"]
[Source "ChessBase"]
[SourceDate "2009.07.02"]
[SourceVersion "2"]
[SourceVersionDate "2009.07.15"]
[SourceQuality "1"]

1. d4 f5 2. g3 Nf6 3. Bg2 g6 4. c4 Bg7 5. Nc3 0-0 6. Nf3 d6 7. 0-0 Qe8 8. Nd5 Nxd5 9. cxd5 Nd7 10. Ng5 Nb6 11. Qc2 Qa4 12. b3 Qxd4 13. Be3 Qf6 14. Qxc7 h6 15. Ne6 Bxe6 16. dxe6 Qxe6 17. Rad1 Kh7 18. Qxb7 Rad8 19. Qxa7 Nd7 20. Bd5 Qf6 21. a4 e6 22. Bd4 Ne5 23. Bg2 f4 24. a5 d5 25. a6 Ra8 26. Qb6 Rfb8 27. Qd6 Rxb3 28. Rb1 Rxb1 29. Rxb1 Nf3+ 30. Bxf3 Qxd4 31. Qxe6 fxg3 32. hxg3 Qa4 33. Rb6 Qc2 34. Bxd5 Rf8 35. a7 Qc5 36. Qxg6+ Kh8 37. Bf3 1-0

[Event "Liechtenstein op 23rd"]
[Site "Triesen"]
[Date "2005.05.02"]
[Round "4"]
[White "Brestian, Egon"]
[Black "Mutzner, Andreas"]
[Result "1/2-1/2"]
[WhiteElo "2415"]
[BlackElo "2121"]
[PlyCount "72"]
[EventDate "2005.04.29"]
[EventType "swiss"]
[EventRounds "9"]
[EventCountry "LIE"]
[SourceTitle "CBM 106 Extra"]
[Source "ChessBase"]
[SourceDate "2005.07.01"]
[SourceVersion "1"]
[SourceVersionDate "2005.07.01"]
[SourceQuality "1"]

1. e4 c5 2. Nf3 d6 3. Bb5+ Nd7 4. c3 a6 5. Ba4 b5 6. Bc2 Ngf6 7. 0-0 Bb7 8. Re1 Qc7 9. d3 e5 10. Nbd2 g6 11. Nf1 Bg7 12. Ng3 0-0 13. h4 Rfe8 14. h5 d5 15. hxg6 hxg6 16. Qe2 dxe4 17. dxe4 Nf8 18. Ng5 Ne6 19. Nxe6 Rxe6 20. Bg5 Rd6 21. a4 c4 22. axb5 axb5 23. Rxa8+ Bxa8 24. Ra1 Bb7 25. Nf1 Ra6 26. Rxa6 Bxa6 27. Ne3 Bb7 28. Ng4 Nxg4 29. Qxg4 Bc8 30. Qd1 Be6 31. Kf1 Qd7 32. Qa1 f6 33. Be3 Bf8 34. Ke2 Bg4+ 35. f3 Be6 36. Qa5 Kf7 1/2-1/2

[Event "AUT-chT 0405"]
[Site "Austria"]
[Date "2005.01.15"]
[Round "6"]
[White "Brestian, Egon"]
[Black "Stanec, Nikolaus"]
[Result "0-1"]
[WhiteElo "2415"]
[BlackElo "2566"]
[PlyCount "76"]
[EventDate "2004.11.19"]
[EventType "team-tourn"]
[EventRounds "11"]
[EventCountry "AUT"]
[SourceTitle "EXT 2006"]
[Source "ChessBase"]
[SourceDate "2005.11.24"]
[SourceVersion "1"]
[SourceVersionDate "2005.11.24"]
[SourceQuality "1"]
[WhiteTeam "Graz Styria"]
[BlackTeam "Ansfelden"]
[WhiteTeamCountry "AUT"]
[BlackTeamCountry "AUT"]

1. d4 Nf6 2. Nf3 c5 3. d5 b5 4. c4 g6 5. cxb5 a6 6. bxa6 Bxa6 7. Nc3 Bg7 8. e4 Bxf1 9. Kxf1 d6 10. g3 Nbd7 11. Kg2 Ng4 12. Re1 0-0 13. Re2 Nge5 14. Nxe5 Nxe5 15. Bf4 Qa5 16. Bxe5 Bxe5 17. Rc1 Rfb8 18. Qc2 Bd4 19. b3 Rb4 20. Nd1 Qa6 21. Qd2 Bg7 22. Qc2 h5 23. Ne3 Bh6 24. Rce1 Bxe3 25. fxe3 c4 26. Rf2 cxb3 27. axb3 Rc8 28. Qd1 Qb6 29. Qf3 Rf8 30. Rb1 Rxb3 31. Rxb3 Qxb3 32. h4 Kg7 33. Qe2 f6 34. Kf3 Rc8 35. Rf1 Rc2 36. Qa6 Qb2 37. Qa7 Kf7 38. Qd4 Qa2 0-1

[Event "Liechtenstein op 22nd"]
[Site "Triesen"]
[Date "2004.05.18"]
[Round "5"]
[White "Brestian, Egon"]
[Black "Malakhatko, Vadim"]
[Result "0-1"]
[WhiteElo "2431"]
[BlackElo "2540"]
[PlyCount "102"]
[EventDate "2004.05.14"]
[EventType "swiss"]
[EventRounds "9"]
[EventCountry "LIE"]
[SourceTitle "CBM 100 Extra"]
[Source "ChessBase"]
[SourceDate "2004.07.06"]
[SourceVersion "2"]
[SourceVersionDate "2004.07.06"]
[SourceQuality "1"]

1. c4 c6 2. d4 d5 3. e3 Nf6 4. Nc3 a6 5. Nf3 b5 6. cxd5 cxd5 7. Bd3 e6 8. Ne5 Nbd7 9. f4 Bb7 10. 0-0 Bd6 11. Bd2 0-0 12. Be1 Nb6 13. Bh4 Be7 14. Bxf6 Bxf6 15. Rf3 g6 16. Ne2 Nc4 17. b3 Nd6 18. a4 bxa4 19. Rxa4 Bg7 20. Rf1 f6 21. Nf3 Qb6 22. Qd2 Bc6 23. Ra3 Nb5 24. Bxb5 Bxb5 25. Rfa1 Rfc8 26. Nc1 Bf8 27. b4 Bc4 28. Nd3 Rab8 29. Ra4 Qc6 30. Nc5 Rb6 31. h3 Rcb8 32. Kh2 Bd6 33. Kh1 Bc7 34. Qc3 Qd6 35. Kg1 Kg7 36. Qd2 h6 37. Ne1 g5 38. Ned3 Kh8 39. Kf2 Rg8 40. Rh1 Qe7 41. h4 gxf4 42. exf4 Qg7 43. Kg1 e5 44. dxe5 fxe5 45. Nxe5 Bxe5 46. fxe5 Rg6 47. Rh2 d4 48. Kh1 Qxe5 49. Ra1 Qe3 50. Rd1 Rf6 51. Qb2 Rf2 0-1

[Event "Liechtenstein op 22nd"]
[Site "Triesen"]
[Date "2004.05.16"]
[Round "3"]
[White "Zozulia, Anna"]
[Black "Brestian, Egon"]
[Result "0-1"]
[WhiteElo "2297"]
[BlackElo "2431"]
[PlyCount "90"]
[EventDate "2004.05.14"]
[EventType "swiss"]
[EventRounds "9"]
[EventCountry "LIE"]
[SourceTitle "CBM 100 Extra"]
[Source "ChessBase"]
[SourceDate "2004.07.06"]
[SourceVersion "2"]
[SourceVersionDate "2004.07.06"]
[SourceQuality "1"]

1. e4 c5 2. Nf3 d6 3. d4 cxd4 4. Nxd4 Nf6 5. Nc3 g6 6. f4 Nbd7 7. Bd3 Bg7 8. Nf3 0-0 9. 0-0 Nc5 10. Kh1 d5 11. e5 Nfe4 12. Bxe4 dxe4 13. Qxd8 Rxd8 14. Ng5 h6 15. Be3 hxg5 16. Bxc5 gxf4 17. Bxe7 Rd4 18. Rxf4 Bxe5 19. Rxe4 Rxe4 20. Nxe4 Bf5 21. Nd6 Bxc2 22. Re1 Bg7 23. h3 Ba4 24. b4 Bc6 25. b5 Bd5 26. Rd1 Bxa2 27. Nxb7 Rc8 28. Rd8+ Rxd8 29. Nxd8 Bd4 30. Nc6 Bb6 31. Bd8 Be3 32. Nxa7 Bxa7 33. Bc7 Bf2 34. b6 Bd5 35. Kh2 f6 36. g3 g5 37. h4 gxh4 38. gxh4 Bxh4 39. Kh3 Bf2 40. Kg4 Kf7 41. Kf5 Bb7 42. Bd8 Bd4 43. Bc7 Bb2 44. Bg3 Bc8+ 45. Ke4 Ke6 0-1

[Event "AUT-chT2O 0304"]
[Site "Austria"]
[Date "2004.02.01"]
[Round "9.2"]
[White "Brestian, Egon"]
[Black "Kleiser, Gregor"]
[Result "1-0"]
[WhiteElo "2431"]
[BlackElo "2235"]
[PlyCount "97"]
[EventDate "2003.10.25"]
[EventType "team-tourn"]
[EventRounds "11"]
[EventCountry "AUT"]
[SourceTitle "EXT 2005"]
[Source "ChessBase"]
[SourceDate "2004.11.15"]
[SourceVersion "1"]
[SourceVersionDate "2004.11.15"]
[SourceQuality "1"]
[WhiteTeam "Pamhagen SV Raiba"]
[BlackTeam "Tschaturanga II"]
[WhiteTeamCountry "AUT"]
[BlackTeamCountry "AUT"]

1. Nf3 Nf6 2. b3 e6 3. Bb2 Be7 4. g3 0-0 5. Bg2 d5 6. c4 a5 7. Nc3 Nbd7 8. 0-0 Nb6 9. d3 a4 10. Rb1 Bd7 11. e4 c6 12. Qe2 axb3 13. axb3 Nc8 14. e5 Ne8 15. d4 Nc7 16. Ra1 Rxa1 17. Rxa1 dxc4 18. bxc4 b5 19. c5 Bg5 20. Nxg5 Qxg5 21. Ne4 Qd8 22. Bc1 Nd5 23. Bg5 Qc7 24. Qg4 Nce7 25. Bxe7 Nxe7 26. Nf6+ Kh8 27. Nxh7 Kxh7 28. Qh4+ Kg8 29. Qxe7 Re8 30. Qg5 Rb8 31. h4 Be8 32. h5 Kf8 33. h6 gxh6 34. Qxh6+ Ke7 35. f4 Kd8 36. f5 Qd7 37. Qg5+ Kc7 38. Qd2 Kc8 39. f6 b4 40. Rb1 b3 41. Kf2 Qa7 42. Bf3 Kc7 43. Bd1 Qa4 44. Qc3 Bd7 45. Rxb3 Qa2+ 46. Bc2 Rb5 47. Ra3 Qd5 48. Bd3 Kb8 49. Qa1 1-0

[Event "AUT-chT2O 0304"]
[Site "Austria"]
[Date "2003.12.07"]
[Round "6.1"]
[White "Brestian, Egon"]
[Black "Varga, Zoltan"]
[Result "0-1"]
[WhiteElo "2431"]
[BlackElo "2564"]
[PlyCount "42"]
[EventDate "2003.10.25"]
[EventType "team-tourn"]
[EventRounds "11"]
[EventCountry "AUT"]
[SourceTitle "EXT 2005"]
[Source "ChessBase"]
[SourceDate "2004.11.15"]
[SourceVersion "1"]
[SourceVersionDate "2004.11.15"]
[SourceQuality "1"]
[WhiteTeam "Pamhagen SV Raiba"]
[BlackTeam "Lackenbach"]
[WhiteTeamCountry "AUT"]
[BlackTeamCountry "AUT"]

1. d4 d5 2. Nf3 c6 3. c3 Bg4 4. h3 Bxf3 5. exf3 Nd7 6. Bd3 e6 7. 0-0 Bd6 8. Re1 Qb6 9. a4 g5 10. b4 h5 11. Nd2 Ne7 12. Nb3 0-0-0 13. g3 Rdg8 14. Kg2 e5 15. b5 g4 16. fxg4 hxg4 17. h4 e4 18. Be2 Rxh4 19. gxh4 g3 20. f4 Ng6 21. Rh1 Nxf4+ 0-1

[Event "AUT-chT2O 0304"]
[Site "Austria"]
[Date "2003.11.22"]
[Round "3.1"]
[White "Palkovi, Jozsef"]
[Black "Brestian, Egon"]
[Result "1-0"]
[WhiteElo "2428"]
[BlackElo "2431"]
[PlyCount "53"]
[EventDate "2003.10.25"]
[EventType "team-tourn"]
[EventRounds "11"]
[EventCountry "AUT"]
[SourceTitle "EXT 2005"]
[Source "ChessBase"]
[SourceDate "2004.11.15"]
[SourceVersion "1"]
[SourceVersionDate "2004.11.15"]
[SourceQuality "1"]
[WhiteTeam "Amstetten"]
[BlackTeam "Pamhagen SV Raiba"]
[WhiteTeamCountry "AUT"]
[BlackTeamCountry "AUT"]

1. e4 c6 2. d4 d5 3. exd5 cxd5 4. c4 Nf6 5. Nc3 g6 6. cxd5 Bg7 7. Bb5+ Bd7 8. Qb3 0-0 9. Bxd7 Nbxd7 10. Qxb7 Nb6 11. Nf3 Nbxd5 12. Qa6 Qc7 13. 0-0 Qb8 14. Nxd5 Nxd5 15. Qe2 Qb7 16. b3 Rfd8 17. Bd2 Nb4 18. Bxb4 Qxb4 19. Rac1 Rac8 20. h3 e6 21. Rxc8 Rxc8 22. Rd1 Qd6 23. Qe4 h6 24. g3 Rd8 25. Rd2 Qb4 26. Rc2 Bxd4 27. Rc4 1-0

[Event "Liechtenstein op 21st"]
[Site "Vaduz"]
[Date "2003.05.25"]
[Round "3"]
[White "Brestian, Egon"]
[Black "Kuehn, Peter"]
[Result "1/2-1/2"]
[WhiteElo "2424"]
[BlackElo "2325"]
[PlyCount "44"]
[EventDate "2003.05.23"]
[EventType "swiss"]
[EventRounds "5"]
[EventCountry "LIE"]
[SourceTitle "CBM 094 Extra"]
[Source "ChessBase"]
[SourceDate "2003.07.09"]
[SourceVersion "2"]
[SourceVersionDate "2003.07.09"]
[SourceQuality "1"]

1. d4 d5 2. Nf3 Nf6 3. Bf4 c6 4. e3 Bf5 5. Bd3 Bxd3 6. cxd3 e6 7. 0-0 Be7 8. Nc3 0-0 9. h3 Qb6 10. Rb1 a5 11. Na4 Qb5 12. Ne5 Nfd7 13. Nc3 Qa6 14. Nf3 Rd8 15. Qc2 Nf8 16. Na4 Nbd7 17. Nc5 Qa7 18. Rfc1 Rdc8 19. Bg3 h6 20. e4 Rd8 21. Bc7 Rdc8 22. Bg3 Rd8 1/2-1/2

[Event "Liechtenstein op 21st"]
[Site "Vaduz"]
[Date "2003.05.23"]
[Round "1"]
[White "Brestian, Egon"]
[Black "Raddatz, Michael"]
[Result "1-0"]
[WhiteElo "2424"]
[BlackElo "2061"]
[PlyCount "73"]
[EventDate "2003.05.23"]
[EventType "swiss"]
[EventRounds "5"]
[EventCountry "LIE"]
[SourceTitle "CBM 094 Extra"]
[Source "ChessBase"]
[SourceDate "2003.07.09"]
[SourceVersion "2"]
[SourceVersionDate "2003.07.09"]
[SourceQuality "1"]

1. Nf3 Nf6 2. g3 b6 3. Bg2 Bb7 4. 0-0 e6 5. d3 d5 6. b3 Nbd7 7. c4 Be7 8. Bb2 0-0 9. Nbd2 c5 10. cxd5 exd5 11. e4 d4 12. Nh4 Ne5 13. Nc4 Nxc4 14. bxc4 Nd7 15. Nf5 Ne5 16. f4 Nc6 17. Bc1 Re8 18. Qg4 g6 19. Nxe7+ Qxe7 20. Bd2 f6 21. h4 Bc8 22. Qe2 Bd7 23. Bf3 Rac8 24. Rf2 Qd6 25. g4 Re7 26. g5 f5 27. e5 Qc7 28. h5 Nd8 29. Rh2 Ne6 30. Bd5 Rce8 31. Kf2 Bc6 32. Qf3 Bb7 33. hxg6 hxg6 34. Rah1 Bxd5 35. Rh8+ Kf7 36. R1h7+ Ng7 37. Qxd5+ 1-0

[Event "AUT-chT 0102"]
[Site "Austria"]
[Date "2002.01.19"]
[Round "7.3"]
[White "Brestian, Egon"]
[Black "Loeffler, Stefan"]
[Result "1/2-1/2"]
[WhiteElo "2428"]
[BlackElo "2400"]
[PlyCount "129"]
[EventDate "2001.10.31"]
[EventType "team-tourn"]
[EventRounds "11"]
[EventCountry "AUT"]
[SourceTitle "EXT 2002"]
[Source "ChessBase"]
[SourceDate "2001.11.25"]
[SourceVersion "1"]
[SourceVersionDate "2001.11.25"]
[SourceQuality "1"]
[WhiteTeam "Gamlitz"]
[BlackTeam "Hietzing/Fischer SK"]
[WhiteTeamCountry "AUT"]
[BlackTeamCountry "AUT"]

1. e4 Nf6 2. e5 Nd5 3. d4 d6 4. c4 Nb6 5. exd6 exd6 6. Nc3 Be7 7. Be2 0-0 8. Nf3 Bg4 9. 0-0 c5 10. h3 Bh5 11. dxc5 dxc5 12. a4 Nc6 13. a5 Nd7 14. Nd5 Nf6 15. a6 bxa6 16. Nf4 Qb6 17. Qa4 Bd6 18. Qxa6 Rfe8 19. Qxb6 axb6 20. Rxa8 Rxa8 21. Nxh5 Nxh5 22. Nh4 Nf6 23. Bf3 Rc8 24. Nf5 Bf8 25. Bg5 Nd7 26. Bxc6 Rxc6 27. Rd1 Rc7 28. Ra1 g6 29. Ne3 Bd6 30. Nd5 Rb7 31. Nf6+ Nxf6 32. Bxf6 Rb8 33. Rd1 Bc7 34. Rd7 Rc8 35. g4 Kf8 36. Kg2 Ke8 37. Re7+ Kf8 38. Rd7 Ke8 39. Re7+ Kf8 40. g5 Bd8 41. Rb7 Bxf6 42. gxf6 Ke8 43. Rxb6 Kd7 44. Kf3 Re8 45. Rb7+ Ke6 46. Rc7 Rb8 47. Rc6+ Kd7 48. Rxc5 Rxb2 49. Re5 Kd6 50. Re7 Rc2 51. Rxf7 Rxc4 52. Rxh7 Ke6 53. f7 Ke7 54. Rg7 Rc6 55. Kg4 Kf8 56. Rh7 Rc5 57. h4 Ra5 58. Kf4 Rb5 59. Ke4 Ra5 60. h5 gxh5 61. f4 h4 62. f5 h3 63. Kf4 h2 64. Kg5 Ra6 65. Rxh2 1/2-1/2

[Event "CZE-chT 0102"]
[Site "Czech Republic"]
[Date "2001.12.16"]
[Round "5"]
[White "Brestian, Egon"]
[Black "Prandstetter, Eduard"]
[Result "1/2-1/2"]
[WhiteElo "2428"]
[BlackElo "2395"]
[PlyCount "101"]
[EventDate "2001.10.20"]
[EventType "team-tourn"]
[EventRounds "11"]
[EventCountry "CZE"]
[SourceTitle "EXT 2019"]
[Source "ChessBase"]
[SourceDate "2018.10.10"]
[SourceVersion "1"]
[SourceVersionDate "2018.10.10"]
[SourceQuality "1"]
[WhiteTeam "Praha Holdia"]
[BlackTeam "Pardubice RC Sport"]
[WhiteTeamCountry "CZE"]
[BlackTeamCountry "CZE"]

1. Nf3 d5 2. d4 e6 3. g3 Nf6 4. Bg2 Be7 5. 0-0 0-0 6. b3 Nbd7 7. Nbd2 b6 8. Bb2 Bb7 9. c4 Ne4 10. Nxe4 dxe4 11. Ne5 Nxe5 12. dxe5 Qxd1 13. Rfxd1 Rad8 14. Kf1 Rxd1+ 15. Rxd1 Rd8 16. Rxd8+ Bxd8 17. Ba3 f5 18. exf6 gxf6 19. f3 exf3 20. exf3 Kf7 21. f4 Bxg2+ 22. Kxg2 f5 23. Kf3 Bf6 24. h3 h5 25. g4 hxg4+ 26. hxg4 fxg4+ 27. Kxg4 Bd4 28. Kf3 c5 29. Ke4 Ke8 30. Bc1 Kd7 31. b4 Bg7 32. b5 Bc3 33. Kd3 Bg7 34. Bd2 Bf8 35. Bc3 Be7 36. Ke4 Bh4 37. a3 Kc8 38. Ke5 Kd7 39. Ke4 Kc8 40. a4 Bd8 41. Be5 Bh4 42. Bc3 Bd8 43. Kf3 Bh4 44. Kg4 Bf2 45. Kf3 Bh4 46. a5 bxa5 47. Bxa5 Kb7 48. Bc3 a6 49. bxa6+ Kxa6 50. Ke4 Bd8 51. Ke5 1/2-1/2

[Event "AUT-chT 0001"]
[Site "Austria"]
[Date "2000.11.17"]
[Round "3.2"]
[White "Brestian, Egon"]
[Black "Schroll, Gerhard"]
[Result "1/2-1/2"]
[WhiteElo "2427"]
[BlackElo "2418"]
[PlyCount "131"]
[EventDate "2000.10.21"]
[EventType "team-tourn"]
[EventRounds "11"]
[EventCountry "AUT"]
[SourceTitle "EXT 2001"]
[Source "ChessBase"]
[SourceDate "2000.11.22"]
[SourceVersion "1"]
[SourceVersionDate "2000.11.22"]
[SourceQuality "1"]
[WhiteTeam "Gamlitz/Leutasch"]
[BlackTeam "Wiener Neustadt"]
[WhiteTeamCountry "AUT"]
[BlackTeamCountry "AUT"]

1. Nf3 d5 2. b3 Nf6 3. Bb2 g6 4. e3 Bg7 5. Be2 0-0 6. 0-0 c5 7. c4 Nc6 8. cxd5 Qxd5 9. Nc3 Qf5 10. Rc1 Rd8 11. d3 b6 12. Rc2 Ba6 13. Rd2 Rd7 14. Qb1 Rad8 15. Rfd1 h6 16. h3 e5 17. Ba1 Qe6 18. Bf1 Ne8 19. d4 exd4 20. exd4 Nxd4 21. Nxd4 cxd4 22. Nb5 Bxb5 23. Bxb5 Rd6 24. Re2 Qc8 25. Bb2 Nc7 26. Bc4 b5 27. Bd3 a6 28. Rc1 Qd7 29. Ba3 Re6 30. Rxe6 Nxe6 31. Re1 Re8 32. Bc1 Nc5 33. Rxe8+ Qxe8 34. Bd2 h5 35. Qc2 Qe5 36. Bb4 Nxd3 37. Qxd3 Qf4 38. Bd2 Qd6 39. a4 Qc6 40. axb5 Qxb5 41. Qxb5 axb5 42. Kf1 f5 43. Ke2 Kf7 44. Kd3 Ke6 45. Ba5 Kd5 46. Bb6 Bf8 47. f3 Bc5 48. Bd8 Bb4 49. Bb6 Bc3 50. Ba7 Ke5 51. Bb8+ Kf6 52. Bf4 Bb2 53. Kc2 Ba1 54. Kd3 Bc3 55. Bc7 Ke6 56. Bb6 Ke5 57. Bc7+ Kd5 58. Bb6 Ba1 59. Ba7 Ke5 60. Bb8+ Kf6 61. Bc7 Bb2 62. Bd8+ Ke6 63. Bb6 Kd5 64. Ba7 Ke5 65. Bb8+ Kf6 66. Bc7 1/2-1/2

[Event "AUT-chT2S 9900"]
[Site "Austria"]
[Date "2000.03.18"]
[Round "10.5"]
[White "Krebs, Johann"]
[Black "Brestian, Egon"]
[Result "1/2-1/2"]
[WhiteElo "2130"]
[BlackElo "2429"]
[PlyCount "95"]
[EventDate "1999.10.??"]
[EventType "team-tourn"]
[EventRounds "11"]
[EventCountry "AUT"]
[SourceTitle "EXT 2002"]
[Source "ChessBase"]
[SourceDate "2001.11.25"]
[SourceVersion "1"]
[SourceVersionDate "2001.11.25"]
[SourceQuality "1"]

1. d4 Nf6 2. c4 g6 3. g3 Bg7 4. Bg2 0-0 5. Nf3 d6 6. 0-0 Nbd7 7. Nc3 e5 8. e4 a6 9. Re1 exd4 10. Nxd4 Ne5 11. b3 c5 12. Nc2 Rb8 13. h3 Nc6 14. Bb2 b5 15. cxb5 axb5 16. Qd2 c4 17. bxc4 Ne5 18. Ne3 bxc4 19. Ba3 Nd3 20. Reb1 Rxb1+ 21. Rxb1 Be6 22. Ncd5 Bxd5 23. exd5 Qc7 24. Bxd6 Qxd6 25. Nxc4 Qa6 26. Qxd3 Qxa2 27. Ne5 Re8 28. Nc6 Bf8 29. Rd1 Bc5 30. Qd2 Qxd2 31. Rxd2 Re1+ 32. Kh2 Ne8 33. Rc2 Bd6 34. Bf3 h5 35. Kg2 Kg7 36. Re2 Rxe2 37. Bxe2 Nf6 38. Bf3 Nd7 39. Kf1 Ne5 40. Ke2 Nxc6 41. dxc6 Kf6 42. Kd3 Ke7 43. Kc4 Bc7 44. Kb5 Kd8 45. Bd5 f5 46. Bf7 f4 47. gxf4 Bxf4 48. Bxg6 1/2-1/2

[Event "AUT-chT2S 9900"]
[Site "Austria"]
[Date "2000.02.26"]
[Round "7.1"]
[White "Brestian, Egon"]
[Black "Petran, Pal"]
[Result "1-0"]
[WhiteElo "2429"]
[BlackElo "2371"]
[PlyCount "89"]
[EventDate "1999.10.??"]
[EventType "team-tourn"]
[EventRounds "11"]
[EventCountry "AUT"]
[SourceTitle "EXT 2002"]
[Source "ChessBase"]
[SourceDate "2001.11.25"]
[SourceVersion "1"]
[SourceVersionDate "2001.11.25"]
[SourceQuality "1"]

1. c4 c5 2. Nc3 Nc6 3. g3 g6 4. Bg2 Bg7 5. Nf3 e6 6. 0-0 Nge7 7. a3 0-0 8. b4 d6 9. bxc5 dxc5 10. Bb2 b6 11. d3 Bb7 12. Rb1 Qd7 13. Qa4 Rad8 14. Rfd1 Nd4 15. Nxd4 cxd4 16. Qxd7 Rxd7 17. Ne4 h6 18. a4 f5 19. Nd2 Bxg2 20. Kxg2 Rc8 21. a5 bxa5 22. Ba3 Nc6 23. Rb5 Bf8 24. Bxf8 Kxf8 25. Nb3 Rb8 26. Rxb8+ Nxb8 27. Nxa5 Rc7 28. f4 Nc6 29. Nxc6 Rxc6 30. Ra1 a6 31. Kf3 Ke7 32. e3 dxe3 33. Kxe3 Kd7 34. Kd4 Rd6+ 35. Kc3 Kc7 36. c5 Rc6 37. d4 Kb7 38. Kc4 Ka7 39. Re1 Kb7 40. h4 h5 41. Re3 Kc7 42. d5 exd5+ 43. Kxd5 Rf6 44. Re7+ Kb8 45. c6 1-0

[Event "Liechtenstein op 18th"]
[Site "Triesen"]
[Date "2000.??.??"]
[Round "2"]
[White "Brestian, Egon"]
[Black "Bellin, Jana"]
[Result "1/2-1/2"]
[WhiteElo "2421"]
[BlackElo "2169"]
[PlyCount "89"]
[EventDate "2000.05.27"]
[EventType "swiss"]
[EventRounds "9"]
[EventCountry "LIE"]
[SourceTitle "EXT 2001"]
[Source "ChessBase"]
[SourceDate "2000.11.22"]
[SourceVersion "1"]
[SourceVersionDate "2000.11.22"]
[SourceQuality "1"]

1. e4 c5 2. Nf3 e6 3. d3 d5 4. Nbd2 Nc6 5. g3 b6 6. Bg2 dxe4 7. Nxe4 Bb7 8. 0-0 Be7 9. b3 Nf6 10. Bb2 0-0 11. Qe2 Nxe4 12. dxe4 Qc7 13. Rfd1 Rfd8 14. h4 Rxd1+ 15. Rxd1 Rd8 16. e5 Rxd1+ 17. Qxd1 c4 18. a3 cxb3 19. cxb3 Na5 20. Qd3 Bd5 21. Nd2 Bxg2 22. Kxg2 Qc6+ 23. Kg1 b5 24. Bc3 Nb7 25. b4 h6 26. Qf3 Qxf3 27. Nxf3 Nd8 28. Nd4 a6 29. f4 h5 30. Kf2 g6 31. Ke3 Kf8 32. Nb3 Ke8 33. Bd4 Nc6 34. Bc5 Bd8 35. Nd2 f6 36. Ke4 f5+ 37. Kd3 Kd7 38. Nb3 Kc8 39. Kc3 Kd7 40. Bf2 Be7 41. Bc5 Bd8 42. Nc1 Kc8 43. Nd3 Kd7 44. Nb2 a5 45. Nd3 1/2-1/2